000 01007nam a22003017a 4500
003 CHAP
005 20220329141643.0
008 971013s1982 r 00010 d
010 _a71702
011 _a72674
035 _a82230
040 _cCHAP
090 _aTesis
100 0 0 _aAguilar Sendejas, Luis Jaime.
_92848
245 _aFactor de la inhibición de la migración de los macrófagos (Mif) en aves de postura vacunadas contra la enfermedad de Marek
260 _aMéxico, D.F. :
_bEl autor,
_c1982
300 _a23 h.
502 _aTesis (Médico Veterinario Zootecnista) -- UNAM. Fac. de Medicina Veterinaria y Zootecnia
590 _aALEPH
_b10
_c20130110
_lUCH01
_h1412
590 _aBATCH-UPD
_b10
_c20130110
_lUCH01
_h1404
590 _aCONVERSION
_b10
_c20130109
_lUCH01
_h1339
650 1 4 _aAves de corral
_xEnfermedades.
_98646
650 1 4 _aEnfermedad de Marek.
_936928
650 1 4 _aVacunas.
_9117179
901 _aBK
942 _cTESIS
949 _bBC
_cTES
_d-36151
_eTS1
_i82230
_si
999 _c71702
_d71702